<?xml version="1.0" encoding="UTF-8"?><marc:collection xmlns:marc="http://www.loc.gov/MARC21/slim">
  <marc:record>
    <marc:leader>00000nam##2200000za#4500</marc:leader>
    <marc:controlfield tag="001">9.624352</marc:controlfield>
    <marc:controlfield tag="003">CaOODSP</marc:controlfield>
    <marc:controlfield tag="005">20200327180434</marc:controlfield>
    <marc:controlfield tag="007">ta</marc:controlfield>
    <marc:controlfield tag="008">150406|1996||||xxc|||||     f|0| 0 fre|d</marc:controlfield>
    <marc:datafield tag="020" ind1=" " ind2=" ">
      <marc:subfield code="a">0-662-82084-3</marc:subfield>
    </marc:datafield>
    <marc:datafield tag="040" ind1=" " ind2=" ">
      <marc:subfield code="a">CaOODSP</marc:subfield>
      <marc:subfield code="b">fre</marc:subfield>
    </marc:datafield>
    <marc:datafield tag="043" ind1=" " ind2=" ">
      <marc:subfield code="a">n-cn---</marc:subfield>
    </marc:datafield>
    <marc:datafield tag="086" ind1="1" ind2=" ">
      <marc:subfield code="a">F21-4/96-4F</marc:subfield>
    </marc:datafield>
    <marc:datafield tag="110" ind1="1" ind2=" ">
      <marc:subfield code="a">Canada. </marc:subfield>
      <marc:subfield code="b">Ministère des finances.</marc:subfield>
    </marc:datafield>
    <marc:datafield tag="245" ind1="1" ind2="0">
      <marc:subfield code="a">Les effets du régime fiscal sur les multinationales américaines et leurs filiales canadiennes / </marc:subfield>
      <marc:subfield code="c">par Jason G. Cummins. </marc:subfield>
    </marc:datafield>
    <marc:datafield tag="260" ind1=" " ind2=" ">
      <marc:subfield code="a">Ottawa - Ontario : </marc:subfield>
      <marc:subfield code="b">Finances Canada </marc:subfield>
      <marc:subfield code="c">1996.</marc:subfield>
    </marc:datafield>
    <marc:datafield tag="300" ind1=" " ind2=" ">
      <marc:subfield code="a">44p. : </marc:subfield>
      <marc:subfield code="b">graphiques, références, tableaux ; </marc:subfield>
      <marc:subfield code="c">28 cm.</marc:subfield>
    </marc:datafield>
    <marc:datafield tag="490" ind1="1" ind2=" ">
      <marc:subfield code="a">Document de travail</marc:subfield>
      <marc:subfield code="v">96-4</marc:subfield>
    </marc:datafield>
    <marc:datafield tag="500" ind1=" " ind2=" ">
      <marc:subfield code="a">«Ce document présente une méthode empirique qui fournit un cadre général pour l'étude du comportement des multinationales. Il expose d'abord un modèle structurel dynamique des multinationales. Les facteurs de production situés dans différents pays sont traités dans le modèle comme des termes distincts d'une technologie générale de production; des chocs de productivité non observables au niveau de l'entreprise et des chocs de la demande locale sont incorporés au modèle. La méthode semiparamétrique mise au point pour estimer le modèle est fondée sur la règle de sortie et les fonctions de demande de facteurs générées par la solution du problème dynamique stochastique de décision de l'entreprise, de manière à estimer de façon cohérente les paramètres de la technologie de production employée par cette dernière. Les paramètres de la fonction de production sont ensuite estimés au moyen d'un nouvel ensemble de données de panel recueillies au niveau de l'entreprise pour les multinationales américaines et leurs filiales canadiennes.»--Résumé.</marc:subfield>
    </marc:datafield>
    <marc:datafield tag="520" ind1="3" ind2=" ">
      <marc:subfield code="a">Ce document présente une méthode empirique qui fournit un cadre général pour l'étude du comportement des multinationales. Il expose d'abord un modèle structurel dynamique des multinationales. Les facteurs de production situés dans différents pays sont traités dans le modèle comme des termes distincts d'une technologie générale de production; des chocs de productivité non observables au niveau de l'entreprise et des chocs de la demande locale sont incorporés au modèle. La méthode semiparamétrique mise au point pour estimer le modèle est fondée sur la règle de sortie et les fonctions de demande de facteurs générées par la solution du problème dynamique stochastique de décision de l'entreprise, de manière à estimer de façon cohérente les paramètres de la technologie de production employée par cette dernière. Les paramètres de la fonction de production sont ensuite estimés au moyen d'un nouvel ensemble de données de panel recueillies au niveau de l'entreprise pour les multinationales américaines et leurs filiales canadiennes.--Résumé</marc:subfield>
    </marc:datafield>
    <marc:datafield tag="563" ind1=" " ind2=" ">
      <marc:subfield code="a">Couverture souple</marc:subfield>
    </marc:datafield>
    <marc:datafield tag="590" ind1=" " ind2=" ">
      <marc:subfield code="a">97-18</marc:subfield>
      <marc:subfield code="b">1997-05-02</marc:subfield>
    </marc:datafield>
    <marc:datafield tag="691" ind1="0" ind2="7">
      <marc:subfield code="a">Impôt</marc:subfield>
      <marc:subfield code="2">gcpds</marc:subfield>
    </marc:datafield>
    <marc:datafield tag="691" ind1="0" ind2="7">
      <marc:subfield code="a">Multinationale</marc:subfield>
      <marc:subfield code="2">gcpds</marc:subfield>
    </marc:datafield>
    <marc:datafield tag="691" ind1="0" ind2="7">
      <marc:subfield code="a">Entreprise</marc:subfield>
      <marc:subfield code="2">gcpds</marc:subfield>
    </marc:datafield>
    <marc:datafield tag="720" ind1="1" ind2=" ">
      <marc:subfield code="a">Cummins, Jason G.</marc:subfield>
    </marc:datafield>
    <marc:datafield tag="775" ind1="0" ind2="8">
      <marc:subfield code="t">The effects of taxation on U.S. multinationals and their Canadian affiliates / </marc:subfield>
      <marc:subfield code="w">(CaOODSP)9.613805</marc:subfield>
    </marc:datafield>
    <marc:datafield tag="776" ind1="0" ind2="#">
      <marc:subfield code="t">Les effets du régime fiscal sur les multinationales américaines et leurs filiales canadiennes / </marc:subfield>
      <marc:subfield code="w">(CaOODSP)9.602713</marc:subfield>
    </marc:datafield>
    <marc:datafield tag="830" ind1="#" ind2="0">
      <marc:subfield code="a">Document de travail ;</marc:subfield>
      <marc:subfield code="v">96-4</marc:subfield>
      <marc:subfield code="w">(CaOODSP)9.513002</marc:subfield>
    </marc:datafield>
  </marc:record>
</marc:collection>
